MARC details
| 000 -CABECERA |
| campo de control de longitud fija |
03311nam a2200541Ia 4500 |
| 001 - NÚMERO DE CONTROL |
| campo de control |
dia_4931 |
| 003 - IDENTIFICADOR DEL NÚMERO DE CONTROL |
| campo de control |
CHAP |
| 005 - FECHA Y HORA DE LA ÚLTIMA TRANSACCIÓN |
| campo de control |
20250221130341.0 |
| 006 - CÓDIGOS DE INFORMACIÓN DE LONGITUD FIJA--CARACTERÍSTICAS DEL MATERIAL ADICIONAL |
| campo de control de longitud fija |
a||||fq||i| 00| 0 |
| 007 - CAMPO FIJO DE DESCRIPCIÓN FÍSICA--INFORMACIÓN GENERAL |
| campo de control de longitud fija |
ta |
| 008 - DATOS DE LONGITUD FIJA--INFORMACIÓN GENERAL |
| campo de control de longitud fija |
220117s2011 mx ado fr 001 0 spa d |
| 040 ## - FUENTE DE LA CATALOGACIÓN |
| Centro/agencia transcriptor |
CHAP |
| Centro catalogador/agencia de origen |
mxchpua |
| 090 ## - LOCALMENTE ASIGNADO TIPO-LC NÚMERO DE CLASIFICACIÓN (OCLC); NÚMERO DE CLASIFICACIÓN LOCAL (RLIN) |
| Número de clasificación (OCLC) (R) ; Numero de clasificación, CALL (RLIN) (NR) |
T.C.547 |
| Número cutter local (OCLC) ; Número de libro/Signatura topográfica íntegra, CALL (RLIN) |
V45 IAI |
| Año |
2011 |
| 245 10 - MENCIÓN DE TÍTULO |
| Título |
Reporte de viaje de estudio al estado de Sinaloa / |
| Mención de responsabilidad, etc. |
coordinadora Alejandra Velázquez Castillo ; colaboradores Abraham Jesús Arzeta Ríos...[et al.] |
| 260 ## - PUBLICACIÓN, DISTRIBUCIÓN, ETC. |
| Lugar de publicación, distribución, etc. |
México : |
| Nombre del editor, distribuidor, etc. |
El autor, |
| Fecha de publicación, distribución, etc. |
2011 |
| 300 ## - DESCRIPCIÓN FÍSICA |
| Extensión |
140 hojas : |
| Otras características físicas |
ilustraciones, gráficas, diagramas, tablas, fotos + |
| Material acompañante/anejo |
1 CD-ROM |
| 336 ## - TIPO DE CONTENIDO |
| Fuente |
rdacontent |
| Término de tipo de contenido |
texto |
| Código de tipo de contenido |
txt |
| 336 ## - TIPO DE CONTENIDO |
| Fuente |
rdacontent |
| Término de tipo de contenido |
texto |
| Código de tipo de contenido |
txt |
| 337 ## - TIPO DE MEDIO |
| Fuente |
rdamedia |
| Nombre/término del tipo de medio |
no mediado |
| Código del tipo de medio |
n |
| 337 ## - TIPO DE MEDIO |
| Fuente |
rdamedia |
| Nombre/término del tipo de medio |
computadora |
| Código del tipo de medio |
c |
| 338 ## - TIPO DE SOPORTE |
| Fuente |
rdacarrier |
| Nombre/término del tipo de soporte |
volumen |
| Código del tipo de soporte |
nc |
| 338 ## - TIPO DE SOPORTE |
| Fuente |
rdacarrier |
| Nombre/término del tipo de soporte |
disco de computadora |
| Código del tipo de soporte |
cd |
| 500 ## - NOTA GENERAL |
| Nota general |
5° año Grupo 4 --<br/>El CD contiene reporte y presentación powerpoint. --<br/>Directorio en reporte. |
| 502 ## - NOTA DE TESIS |
| Nota de tesis |
Viaje de estudios |
| Tipo de título |
(IAI) -- |
| Nombre de la institución que otorga el título |
UACh. Departamento de Ingeniería Agroindustrial, |
| Año de obtención del título |
2011 |
| 505 ## - NOTA DE CONTENIDO CON FORMATO |
| Nota de contenido con formato |
Empresas visitadas: -- |
| Título |
1. Empaques Don Jorge, S. A. de C. V. -- <br/>2. Deshidratadora chilera Cristo Rey, S. P. R. de R. L. -- <br/>3. Industrializadora de Frutas y Legumbres Sinalaoenses, S. A. de C. V. -- <br/>4. DIAZTECA, S. A. de C. V. -- <br/>5. Mazazul Organics, S. A. de C. V. -- <br/>6. AQUASTRAT, S. A. de C. V. -- <br/>7. Congeladora Oceánica, S. A. de C. V. -- <br/>8. Alimentos Kay, S. A. de c. V. -- <br/>9. Maz Industrial, S. A. de C. V. -- <br/>10. Pesquería 15 de Septiembre, S. A. de C. V. -- <br/>11. Lonja Pesquera, S. P. R. de R. L. -- <br/>12. Agrícola Chaparral, S. P. R. de R. L. -- <br/>13. Comercializadora de Granos Patron, S. A. de C. V. -- <br/>14. Agrícola Santa Venerada, S. P. R. de R. L. -- <br/>15. Agrícola Luque, S. A. de C. V. -- <br/>16. MINSA, S. A. de C. V. -- <br/>17. Productos Tianina -- <br/>18. Molinos Azteca, S. A. de C. V. -- <br/>19. Campo Agrícola El Porvenir -- <br/>20. PRINSA, S. A. de C. V. -- <br/>21. Fundación Produce -- <br/>22. Cámara Nacional de las Industrias Pesquera y Acuícola, Del. Sinaloa -- <br/>23. Asociación de Usuarios Productores Agrícolas El Grande, A. C. -- <br/>24. SAGARPA -- <br/>25. FIRA -- <br/>26. CAADES |
| 650 13 - PUNTO DE ACCESO ADICIONAL DE MATERIA--TÉRMINO DE MATERIA |
| Término de materia o nombre geográfico como elemento de entrada |
Industria de productos agrícolas |
| 9 (RLIN) |
157081 |
| Subdivisión geográfica |
México |
| -- |
Sinaloa |
| 650 13 - PUNTO DE ACCESO ADICIONAL DE MATERIA--TÉRMINO DE MATERIA |
| Término de materia o nombre geográfico como elemento de entrada |
Industria molinera |
| 9 (RLIN) |
157063 |
| Subdivisión geográfica |
México |
| -- |
Sinaloa |
| 650 13 - PUNTO DE ACCESO ADICIONAL DE MATERIA--TÉRMINO DE MATERIA |
| Término de materia o nombre geográfico como elemento de entrada |
Industria pesquera |
| 9 (RLIN) |
151441 |
| Subdivisión geográfica |
México |
| -- |
Sinaloa |
| 650 10 - PUNTO DE ACCESO ADICIONAL DE MATERIA--TÉRMINO DE MATERIA |
| Término de materia o nombre geográfico como elemento de entrada |
Plantas empacadoras |
| Subdivisión geográfica |
México |
| -- |
Sinaloa |
| 9 (RLIN) |
157083 |
| 650 13 - PUNTO DE ACCESO ADICIONAL DE MATERIA--TÉRMINO DE MATERIA |
| Término de materia o nombre geográfico como elemento de entrada |
Productos de pescados |
| 9 (RLIN) |
155298 |
| 650 13 - PUNTO DE ACCESO ADICIONAL DE MATERIA--TÉRMINO DE MATERIA |
| Término de materia o nombre geográfico como elemento de entrada |
Productos derivados del maíz |
| 9 (RLIN) |
154075 |
| 650 10 - PUNTO DE ACCESO ADICIONAL DE MATERIA--TÉRMINO DE MATERIA |
| Término de materia o nombre geográfico como elemento de entrada |
Packing houses |
| Subdivisión geográfica |
Mexico |
| -- |
Sinaloa |
| 9 (RLIN) |
157082 |
| 650 13 - PUNTO DE ACCESO ADICIONAL DE MATERIA--TÉRMINO DE MATERIA |
| Término de materia o nombre geográfico como elemento de entrada |
Corn products |
| 9 (RLIN) |
154074 |
| 650 13 - PUNTO DE ACCESO ADICIONAL DE MATERIA--TÉRMINO DE MATERIA |
| Término de materia o nombre geográfico como elemento de entrada |
Fish industry |
| Subdivisión general |
|
| 9 (RLIN) |
157067 |
| Subdivisión geográfica |
Mexico |
| -- |
Sinaloa |
| 650 13 - PUNTO DE ACCESO ADICIONAL DE MATERIA--TÉRMINO DE MATERIA |
| Término de materia o nombre geográfico como elemento de entrada |
Fish products |
| 9 (RLIN) |
155296 |
| 650 13 - PUNTO DE ACCESO ADICIONAL DE MATERIA--TÉRMINO DE MATERIA |
| Término de materia o nombre geográfico como elemento de entrada |
Horticultural products industry |
| 9 (RLIN) |
157080 |
| Subdivisión geográfica |
Mexico |
| -- |
Sinaloa |
| 650 13 - PUNTO DE ACCESO ADICIONAL DE MATERIA--TÉRMINO DE MATERIA |
| Término de materia o nombre geográfico como elemento de entrada |
Milling industry |
| 9 (RLIN) |
157064 |
| Subdivisión geográfica |
Mexico |
| -- |
Sinaloa |
| 700 1# - PUNTO DE ACCESO ADICIONAL--NOMBRE DE PERSONA |
| Nombre de persona |
Velázquez Castillo, Alejandra |
| 9 (RLIN) |
118517 |
| Término indicativo de función/relación |
coordinadora |
| 700 1# - PUNTO DE ACCESO ADICIONAL--NOMBRE DE PERSONA |
| Nombre de persona |
Arzeta Ríos, Abraham Jesús |
| 9 (RLIN) |
128659 |
| Término indicativo de función/relación |
colaborador |
| 856 42 - LOCALIZACIÓN Y ACCESO ELECTRÓNICOS |
| Identificador Uniforme del Recurso |
<a href="http://10.13.5.2/ve/TC547IAI/TC547IAI2011-REPORTE.pdf">http://10.13.5.2/ve/TC547IAI/TC547IAI2011-REPORTE.pdf</a> |
| Texto de enlace |
DESCARGAR REPORTE |
| 942 ## - ELEMENTOS DE PUNTO DE ACCESO ADICIONAL (KOHA) |
| Fuente del sistema de clasificación o colocación |
Clasificación Universidad Autónoma de Chapingo |
| 901 ## - ELEMENTOS DE DATOS A LOCAL LDA (RLIN) |
| a |
T.C.547 V45 IAI 2011 |
| 902 ## - ELEMENTOS DE DATOS B LOCAL, LDB (RLIN) |
| a |
M |
| 905 ## - ELEMENTOS DE DATOS E LOCAL, LDE (RLIN) |
| a |
5232272011 mx aiml8223223322spa16 |
| 942 ## - ELEMENTOS DE PUNTO DE ACCESO ADICIONAL (KOHA) |
| Tipo de ítem Koha |
Viaje de Estudios |